México viejo /
Estudio que reúne noticias históricas, tradiciones, leyendas, crónicas sobre las costumbres y descripciones sobre las más sobresalientes edificaciones de la Ciudad de México durante la época colonial. No pretende ser una obra histórica minuciosa y detallada sino un conjunto de narraciones que tienen...
Gorde:
| Egile nagusia: | |
|---|---|
| Formatua: | Liburua |
| Hizkuntza: | gaztelania |
| Argitaratua: |
México :
Promexa,
1979, c1979
|
| Saila: | (Clásicos de la Literatura Mexicana)
|
| Gaiak: | |
| Etiketak: |
Etiketarik gabe, Izan zaitez lehena erregistro honi etiketa jartzen!
|
MARC
| LEADER | 00000nam^a2200000^a^4500 | ||
|---|---|---|---|
| 001 | 000452199 | ||
| 005 | 20250526000000.0 | ||
| 009 | 20260310123830.704 | ||
| 020 | |a 968-34-0028-0 | ||
| 037 | |a Acervo ITESO - Biblioteca | ||
| 041 | |a ESP | ||
| 082 | |a 972. 53203 |b GON | ||
| 100 | |a González Obregón, Luis |e (autor) | ||
| 240 | 1 | 1 | |a [México viejo: época colonial] |
| 245 | 1 | 0 | |a México viejo / |c L. González Obregón ; pról. de Flor de María Hurtado. |
| 264 | 4 | |a México : |b Promexa, |c 1979, c1979 | |
| 300 | |a XX, 734 p. ; |c 21.0 cm. | ||
| 336 | |a texto |b txt |2 rdacontenido | ||
| 337 | |a sin mediación |b n |2 rdamedio | ||
| 338 | |a volumen |b nc |2 rdasoporte | ||
| 440 | 1 | |a (Clásicos de la Literatura Mexicana) | |
| 520 | |a Estudio que reúne noticias históricas, tradiciones, leyendas, crónicas sobre las costumbres y descripciones sobre las más sobresalientes edificaciones de la Ciudad de México durante la época colonial. No pretende ser una obra histórica minuciosa y detallada sino un conjunto de narraciones que tienen en común referirse a la época virreinal. | ||
| 649 | |a XX | ||
| 650 | |a Vida Cotidiana - |z México (Ciudad) | ||
| 650 | |a Leyendas Mexicanas - |z México (Ciudad) | ||
| 650 | |a Prácticas Culturales - |z México (Ciudad) - |x Tema Principal | ||
| 650 | |a Crónicas Mexicanas | ||
| 650 | |a Literatura Mexicana - |x Historia y Crítica | ||
| 650 | |a Arquitectura Virreinal - |z México (Ciudad) - |x Historia y Crítica | ||
| 650 | |a Arquitectura Mexicana - |x Historia y Crítica | ||
| 650 | |a Arte Virreinal - |z México (Ciudad) - |x Historia y Crítica | ||
| 650 | |a Arte Mexicano - |x Historia y Crítica | ||
| 650 | |a México (Ciudad) - |x Historia - |y Virreinato, 1535-1821 | ||
| 650 | |a México (Ciudad) - |x Historia - |y Epoca Colonial, 1517-1821 - |x Tema Principal | ||
| 910 | |a Fondo Alfonso de Alba Martín | ||
| 920 | |a Impresos - Libros | ||
| 930 | |a Libros Antiguos y Raros | ||
| 905 | |a 125 | ||
| 901 | |a 0500383778 |b IT2 |c LRA |i D98986 |u 20250526 | ||
| 902 | |a https://opac.biblio.iteso.mx/vufind/Record/000452199 | ||